| 000 | 00816nam a2200241 a 4500 | ||
|---|---|---|---|
| 001 | 000697638 | ||
| 003 | AM-YEHGA | ||
| 005 | 20250617163820.0 | ||
| 008 | 091116s1962 |||| |||||||||||||rus d | ||
| 040 | _aAM-YeHGA | ||
| 041 | 1 |
_arus _hger |
|
| 100 | 1 | _aВерфель, Франц. | |
| 245 | 1 | 0 |
_aВерди : _bРоман оперы / _cФранц Верфель; Пер. с нем. Н. Вольпин; Предисл. И. Бэлза. |
| 246 | 1 | 1 | _aVerdi |
| 260 |
_aМосква : _bХудож. лит., _c1962. |
||
| 300 |
_a399 с. : _bил. ; _c20 см. |
||
| 600 | 0 | 4 | _aВерди, Джузеппе |
| 650 | 1 | 4 | _aМузыка (х. л.) |
| 650 | 1 | 4 | _aКомпозиторы (х. л.) |
| 700 | 1 |
_aВольпин, Н. _eпер. _4trl |
|
| 700 | 1 |
_aБелза, И. _eпредисл. _4aui |
|
| 090 | _c516637 | ||
| 999 |
_c513122 _d513122 |
||